[Event "12. European Club Cup 2007 Femenino"]
[Site "Kemer TUR"]
[Date "2007.10.04"]
[Round "2.6"]
[White "Bensdorp, Laura"]
[Black "Eckhardt, Claudia"]
[Result "1/2-1/2"]
[WhiteElo "2121"]
[BlackElo "2168"]
[PlyCount "98"]
[EventDate "2007.10.03"]
[EventType "team"]
[EventRounds "7"]
[EventCountry "TUR"]
[Source "lmi"]
[SourceDate "2007.10.03"]
[WhiteTeam "Utrecht"]
[BlackTeam "USV Volksbank Halle"]

1. e4 c5 2. Nf3 e6 3. d4 cxd4 4. Nxd4 a6 5. Nc3 b5 6. Bd3 d6 7. O-O Nf6 8. a4
b4 9. Na2 e5 10. Nf5 Nc6 11. Bg5 h6 12. Bxf6 Qxf6 13. Ne3 Qd8 14. Nd5 Rb8 15.
Nc1 Be7 16. Ne2 O-O 17. Ng3 a5 18. Nf5 Bxf5 19. exf5 Bg5 20. Qf3 Ne7 21. f6
Nxd5 22. fxg7 Kxg7 23. Qxd5 f5 24. Rad1 Rc8 25. Bc4 Rc5 26. Qb7+ Qc7 27. Qxc7+
Rxc7 28. b3 Be7 29. Rd5 Rc5 30. Rfd1 Rfc8 31. Kf1 Kf6 32. Ke2 Bf8 33. R1d3 e4
34. Rd1 Rxd5 35. Rxd5 Rc5 36. Rd1 Ke5 37. Rd2 Be7 38. Kd1 d5 39. Ba6 Rc3 40.
Re2 Bg5 41. f3 Be3 42. fxe4 fxe4 43. Re1 Bf4 44. g3 Bg5 45. Rf1 d4 46. Re1 Be3
47. Bb5 Kd5 48. Ba6 Ke5 49. Bb5 Kd5 1/2-1/2

[Event "12. European Club Cup 2007 Femenino"]
[Site "Kemer TUR"]
[Date "2007.10.04"]
[Round "2.6"]
[White "Jahn, Constanze"]
[Black "Middelveld, Martine"]
[Result "1/2-1/2"]
[WhiteElo "2188"]
[BlackElo "2009"]
[PlyCount "82"]
[EventDate "2007.10.03"]
[EventType "team"]
[EventRounds "7"]
[EventCountry "TUR"]
[Source "lmi"]
[SourceDate "2007.10.03"]
[WhiteTeam "USV Volksbank Halle"]
[BlackTeam "Utrecht"]

1. e4 e6 2. Qe2 c5 3. d3 g6 4. g3 Bg7 5. Bg2 Nc6 6. c3 Nge7 7. f4 O-O 8. Nf3 b6
9. O-O Ba6 10. Na3 d6 11. Re1 Rc8 12. Bd2 b5 13. Nc2 b4 14. Rab1 bxc3 15. Bxc3
Nb4 16. Nxb4 cxb4 17. Bxg7 Kxg7 18. Qe3 Nc6 19. Kh1 Qa5 20. Ra1 Qb5 21. Bf1 Qb7
22. g4 Rc7 23. Bg2 Qb5 24. Red1 Rfc8 25. f5 exf5 26. gxf5 Ne5 27. Bh3 Re8 28.
Nd4 Qb6 29. Rf1 h6 30. fxg6 fxg6 31. Ne6+ Rxe6 32. Qxb6 axb6 33. Bxe6 Bxd3 34.
Rfe1 Rc2 35. Bb3 Rxb2 36. Rac1 h5 37. Re3 Bb1 38. h4 Ng4 39. Rc7+ Kh8 40. Rc8+
Kg7 41. Rc7+ Kh8 1/2-1/2

[Event "12. European Club Cup 2007 Femenino"]
[Site "Kemer TUR"]
[Date "2007.10.04"]
[Round "2.7"]
[White "Madl, Ildiko"]
[Black "Gencer, Ozlem"]
[Result "1-0"]
[WhiteElo "2381"]
[BlackElo "1940"]
[PlyCount "75"]
[EventDate "2007.10.03"]
[EventType "team"]
[EventRounds "7"]
[EventCountry "TUR"]
[Source "lmi"]
[SourceDate "2007.10.03"]
[WhiteTeam "SK Bihac - Capital Brokers"]
[BlackTeam "Tarsus Zeka Satranc SK"]

1. e4 e6 2. d4 d5 3. Nc3 Nf6 4. Bg5 Be7 5. e5 Nfd7 6. Bxe7 Qxe7 7. f4 a6 8. Nf3
c5 9. Qd2 Nc6 10. dxc5 Qxc5 11. O-O-O b5 12. Ne2 Nb6 13. Ned4 Nxd4 14. Nxd4 Bd7
15. h4 Nc4 16. Bxc4 bxc4 17. Rh3 Rb8 18. h5 a5 19. a3 Ke7 20. Qc3 Rhc8 21. Kb1
Rb7 22. Ka1 Rcb8 23. Rb1 a4 24. g4 Ra7 25. f5 Qa5 26. Qe3 h6 27. Rf3 Kd8 28. f6
gxf6 29. Rxf6 Be8 30. g5 Rab7 31. c3 Ke7 32. gxh6 Bd7 33. Qg5 Kd8 34. Rxf7+ Kc7
35. Nxe6+ Kc6 36. Nd4+ Kc5 37. Qe3 Qa6 38. Nb3+ 1-0

[Event "12. European Club Cup 2007 Femenino"]
[Site "Kemer TUR"]
[Date "2007.10.04"]
[Round "2.7"]
[White "Dincok, Berfu"]
[Black "Boric, Elena"]
[Result "0-1"]
[WhiteElo "1945"]
[BlackElo "2279"]
[PlyCount "39"]
[EventDate "2007.10.03"]
[EventType "team"]
[EventRounds "7"]
[EventCountry "TUR"]
[Source "lmi"]
[SourceDate "2007.10.03"]
[WhiteTeam "Tarsus Zeka Satranc SK"]
[BlackTeam "SK Bihac - Capital Brokers"]

1. e4 Nf6 2. e5 Nd5 3. d4 d6 4. Bc4 c6 5. Qf3 e6 6. Nh3 dxe5 7. Bxd5 cxd5 8.
dxe5 Qc7 9. O-O Qxe5 10. Nc3 Bd7 11. Bf4 Qf5 12. Qg3 Na6 13. Rfe1 O-O-O 14. Re5
Qg6 15. Rg5 Qf6 16. Be5 Qe7 17. Bxg7 Bxg7 18. Rxg7 d4 19. Nd1 Bc6 20. Ng5 0-1

[Event "12. European Club Cup 2007 Femenino"]
[Site "Kemer TUR"]
[Date "2007.10.04"]
[Round "2.7"]
[White "Dengler, Dijana"]
[Black "Tikir, Hazal"]
[Result "1-0"]
[WhiteElo "2093"]
[BlackElo "1721"]
[PlyCount "69"]
[EventDate "2007.10.03"]
[EventType "team"]
[EventRounds "7"]
[EventCountry "TUR"]
[Source "lmi"]
[SourceDate "2007.10.03"]
[WhiteTeam "SK Bihac - Capital Brokers"]
[BlackTeam "Tarsus Zeka Satranc SK"]

1. d4 Nf6 2. Nf3 g6 3. c4 d5 4. cxd5 Nxd5 5. e4 Nf6 6. Nc3 Bg7 7. Bc4 O-O 8.
O-O c6 9. a4 Bg4 10. Be3 Nfd7 11. Be2 Qc7 12. Rc1 c5 13. Nd5 Qd8 14. dxc5 Nc6
15. Qd2 Nde5 16. Nxe5 Nxe5 17. h3 Bxe2 18. Qxe2 e6 19. Nc3 a6 20. b4 Nc6 21.
Rfd1 Nd4 22. Qc4 e5 23. Nd5 Qh4 24. Bxd4 exd4 25. f4 Rac8 26. e5 d3 27. Rxd3
Rfd8 28. Rf3 Bxe5 29. g3 Qxh3 30. fxe5 Kh8 31. Nf4 Qg4 32. Qc3 Re8 33. e6+ Kg8
34. exf7+ Kxf7 35. Nh5+ 1-0

[Event "12. European Club Cup 2007 Femenino"]
[Site "Kemer TUR"]
[Date "2007.10.04"]
[Round "2.8"]
[White "Gerasimovitch, Olga"]
[Black "Topel, Zehra"]
[Result "0-1"]
[WhiteElo "2184"]
[BlackElo "2246"]
[PlyCount "78"]
[EventDate "2007.10.03"]
[EventType "team"]
[EventRounds "7"]
[EventCountry "TUR"]
[Source "lmi"]
[SourceDate "2007.10.03"]
[WhiteTeam "BGU Minsk"]
[BlackTeam "Turk Hava Yollari"]

1. d4 Nf6 2. c4 g6 3. Nc3 Bg7 4. e4 d6 5. Nf3 O-O 6. Be2 e5 7. Be3 Nc6 8. d5
Ne7 9. Nd2 Nd7 10. f3 f5 11. O-O f4 12. Bf2 g5 13. b4 a5 14. bxa5 Rxa5 15. Nb3
Ra8 16. c5 Nf6 17. cxd6 cxd6 18. Nb5 Rf7 19. Qc2 Ng6 20. Rfc1 Ne8 21. a4 Bf8
22. a5 Rg7 23. Bb6 Qf6 24. Na7 Bd7 25. a6 bxa6 26. Nc6 g4 27. fxg4 Nh4 28. Qd1
h5 29. h3 hxg4 30. hxg4 Qg6 31. Bf2 Qg5 32. Bxh4 Qxh4 33. Rc3 Bxg4 34. Bxg4
Rxg4 35. Rf3 Nf6 36. Qd3 Qg5 37. Ra2 Rc8 38. Qxa6 Rc7 39. Nxe5 Qxe5 0-1

[Event "12. European Club Cup 2007 Femenino"]
[Site "Kemer TUR"]
[Date "2007.10.04"]
[Round "2.8"]
[White "Khudaya, Iryna"]
[Black "Bayrak, Asli"]
[Result "1-0"]
[WhiteElo "2111"]
[BlackElo "2032"]
[PlyCount "57"]
[EventDate "2007.10.03"]
[EventType "team"]
[EventRounds "7"]
[EventCountry "TUR"]
[Source "lmi"]
[SourceDate "2007.10.03"]
[WhiteTeam "BGU Minsk"]
[BlackTeam "Turk Hava Yollari"]

1. g3 d5 2. f4 Nf6 3. Nf3 c6 4. Bg2 Nbd7 5. d3 e6 6. O-O Qb6+ 7. e3 Bc5 8. Qe2
Be7 9. h3 h5 10. Kh2 Nc5 11. Nc3 Bd7 12. a3 a5 13. e4 dxe4 14. dxe4 a4 15. Ne5
Qa6 16. Qf2 Qa5 17. Be3 b6 18. Rad1 Rh7 19. Bd4 g6 20. f5 gxf5 21. exf5 Rc8 22.
Nc4 Qa6 23. Bxf6 Qxc4 24. Bxe7 Kxe7 25. fxe6 Bxe6 26. Rd4 Qa6 27. Qf6+ Kf8 28.
Bxc6 Rb8 29. Rfd1 1-0

[Event "12. European Club Cup 2007 Femenino"]
[Site "Kemer TUR"]
[Date "2007.10.04"]
[Round "2.8"]
[White "Dincok, Gozde"]
[Black "Savurko, Alexandra"]
[Result "1/2-1/2"]
[WhiteElo "1755"]
[BlackElo "2088"]
[PlyCount "102"]
[EventDate "2007.10.03"]
[EventType "team"]
[EventRounds "7"]
[EventCountry "TUR"]
[Source "lmi"]
[SourceDate "2007.10.03"]
[WhiteTeam " Turk Hava Yollari"]
[BlackTeam "BGU Minsk"]

1. e4 e6 2. d4 d5 3. Nd2 c5 4. exd5 Qxd5 5. Ngf3 cxd4 6. Bc4 Qd6 7. O-O Nc6 8.
Nb3 Nf6 9. Nbxd4 Nxd4 10. Qxd4 Qxd4 11. Nxd4 a6 12. Be2 Be7 13. Bf3 O-O 14. Nb3
Rd8 15. Bf4 Nd5 16. Bd2 Bf6 17. Rad1 Re8 18. Rfe1 Bd7 19. c4 Ne7 20. Bxb7 Ra7
21. Bf3 Ba4 22. Bc3 Bxc3 23. bxc3 Rc7 24. Be2 Nc6 25. Rd6 Nb8 26. Red1 Kf8 27.
R1d2 Ke7 28. Na5 Rec8 29. R6d4 Nd7 30. Rd6 Nc5 31. Bf3 Rb8 32. h3 Be8 33. Nc6+
Bxc6 34. Rxc6 Rxc6 35. Bxc6 Rb1+ 36. Kh2 Rc1 37. Bf3 Rxc3 38. Rb2 Rxc4 39. Be2
Rc3 40. Rb6 Ra3 41. Bc4 Ra4 42. Bb3 Nxb3 43. axb3 Ra2 44. f3 h5 45. h4 g6 46.
Kg3 Kf6 47. f4 Ra3 48. Kf2 Ke7 49. Rb7+ Kd6 50. Rxf7 Rxb3 51. Ra7 Ra3 1/2-1/2